Proceedings of the vacuum matallurgy conference / (Record no. 190828)

000 -LEADER
fixed length control field 00353 a2200145 4500
003 - CONTROL NUMBER IDENTIFIER
control field Nust
005 - DATE AND TIME OF LATEST TRANSACTION
control field 20230119142618.0
040 ## - CATALOGING SOURCE
Transcribing agency Nust
082 ## - DEWEY DECIMAL CLASSIFICATION NUMBER
Classification number 669.092,PRO
100 ## - MAIN ENTRY--PERSONAL NAME
Personal name Krutenat, R,C,
9 (RLIN) 107134
245 ## - TITLE STATEMENT
Title Proceedings of the vacuum matallurgy conference /
Statement of responsibility, etc. R.C. Krutenat,
260 ## - PUBLICATION, DISTRIBUTION, ETC.
Place of publication, distribution, etc. New York
Date of publication, distribution, etc. 1971
300 ## - PHYSICAL DESCRIPTION
Extent VM 104 p
942 ## - ADDED ENTRY ELEMENTS (KOHA)
Source of classification or shelving scheme
Koha item type Book
Holdings
Withdrawn status Lost status Source of classification or shelving scheme Damaged status Not for loan Permanent Location Current Location Shelving location Date acquired Full call number Barcode Date last seen Price effective from Koha item type Public note
          Military College of Signals (MCS) Military College of Signals (MCS) General Stacks 12/12/2016 669.092,PRO MCS20608 12/08/2016 12/12/2016 Book Almirah No.55, Shelf No.4
© 2023 Central Library, National University of Sciences and Technology. All Rights Reserved.